000
00267nam a2200097Ia 4500
001
1138025
005
20250827005237.0
008
250824s9999 xx 000 0 und d
245
0
_a
HİNDİSTAN TÜRK İMPAROTORLUĞU
_c
ÖMER HALİS BIYIKTAY
260
_b
PANAMA YAYINLARI
999
_c
1138025
_d
1138025